| 000 | 00606nam a2200205 u 4500 | ||
|---|---|---|---|
| 005 | 20240501063709.0 | ||
| 008 | 080414s2004 es r 000 0 spa d | ||
| 020 | _a8420658510 | ||
| 035 | _aUPN01000155395 | ||
| 049 | _aCG | ||
| 050 | 4 |
_aPQ2667 R4.18 _bO5.4 |
|
| 100 | 1 |
_aGreif, Jean-Jacques, _d1944- |
|
| 245 | 1 | 0 |
_a11-S / _cJean-Jacques Greif ; tr. Mónica Rubio Fernández. |
| 260 |
_aMadrid : _bAlianza, _c2004. |
||
| 300 | _a188 p. | ||
| 440 | 3 |
_aEl libro de bolsillo. _pBiblioteca media , _v8901 |
|
| 534 |
_pTítulo original: _tNine eleven |
||
| 650 | 4 |
_aNovela francesa _98238 |
|
| 905 | _aLibro | ||
| 999 |
_c127510 _d127510 |
||